| 000 | 00779nam a2200277 a 4500 | ||
|---|---|---|---|
| 001 | vtls001674323 | ||
| 003 | NLI | ||
| 005 | 20210628150309.0 | ||
| 008 | 130206s1978 ii 000 0 mal | ||
| 020 | _cRs. 5.00 | ||
| 039 | 9 |
_y201302061551 _zVLOAD |
|
| 040 | 0 |
_a NLI _b eng _cENTERTECH - MALAYALAM _e AACR2 |
|
| 041 | 0 | _amal | |
| 044 | _aii | ||
| 082 | 0 | 4 | _a274.483 |
| 100 | 1 |
_aJose, N.K. _91103458 |
|
| 245 | 1 | 0 |
_aKerala sabhayayute persian bandham / _cN.K. Jose |
| 260 |
_aVaikom : _bHobby Publishers, _c1978 |
||
| 300 |
_a94 p. ; _c18 cm. |
||
| 650 | 0 |
_aChurch history _yMiddle Ages, 600-1500 _9846881 |
|
| 887 | _a | ||
| 901 |
_a18781 _b08.11.1978 |
||
| 902 | _aMal 274.483 J 846 k | ||
| 949 |
_AVIRTUAITEM _D10000 _X100 _6DBA000018781MAL |
||
| 942 |
_2ddc _cBKS |
||
| 999 |
_c1122829 _d1122829 |
||